[Event "S16 a S20"]
[Site "Cambrils"]
[Date "2023.04.04"]
[Round "6.6"]
[White "Parra Ordorica, Arnau"]
[Black "Lemeshev, Ilya"]
[Result "0-1"]
[TimeControl "90'+30\""]
[WhiteElo "1804"]
[BlackElo "2088"]

1. d4 {[%clk 01:30:58]} {[%emt 00:00:01]} Nf6 {[%clk 01:29:10]} {[%emt
00:01:50]} 2. c4 {[%clk 01:31:09]} {[%emt 00:00:19]} c5 {[%clk 01:29:13]}
{[%emt 00:00:27]} 3. d5 {[%clk 01:31:28]} {[%emt 00:00:11]} b5 {[%clk
01:29:36]} {[%emt 00:00:08]} 4. cxb5 {[%clk 01:31:35]} {[%emt 00:00:23]} a6
{[%clk 01:30:00]} {[%emt 00:00:05]} 5. bxa6 {[%clk 01:31:41]} {[%emt 00:00:24]}
g6 {[%clk 01:30:23]} {[%emt 00:00:07]} 6. Nc3 {[%clk 01:31:29]} {[%emt
00:00:41]} Bg7 {[%clk 01:30:43]} {[%emt 00:00:10]} 7. e4 {[%clk 01:31:29]}
{[%emt 00:00:30]} O-O {[%clk 01:31:07]} {[%emt 00:00:06]} 8. e5 {[%clk
01:27:06]} {[%emt 00:04:53]} Ne8 {[%clk 01:31:13]} {[%emt 00:00:23]} 9. h4
{[%clk 01:26:19]} {[%emt 00:01:17]} Bxe5 {[%clk 01:22:36]} {[%emt 00:09:08]} 10.
Bh6 {[%clk 01:25:25]} {[%emt 00:01:23]} Qb6 {[%clk 01:17:46]} {[%emt 00:05:21]}
11. Qd2 {[%clk 01:22:07]} {[%emt 00:03:47]} Ng7 {[%clk 01:11:41]} {[%emt
00:06:36]} 12. Nf3 {[%clk 01:19:42]} {[%emt 00:02:55]} Bf6 {[%clk 01:08:35]}
{[%emt 00:03:36]} 13. h5 {[%clk 01:16:18]} {[%emt 00:03:54]} g5 {[%clk
01:03:25]} {[%emt 00:05:40]} 14. Bxg5 {[%clk 01:10:23]} {[%emt 00:06:25]} Bxg5
{[%clk 01:01:26]} {[%emt 00:02:29]} 15. Nxg5 {[%clk 01:07:28]} {[%emt
00:03:24]} h6 {[%clk 00:55:06]} {[%emt 00:06:50]} 16. Nf3 {[%clk 00:57:50]}
{[%emt 00:10:08]} Bxa6 {[%clk 00:52:21]} {[%emt 00:03:15]} 17. g4 {[%clk
00:55:31]} {[%emt 00:02:49]} Bxf1 {[%clk 00:49:41]} {[%emt 00:03:11]} 18. Kxf1
{[%clk 00:55:31]} {[%emt 00:00:29]} Kh8 {[%clk 00:43:29]} {[%emt 00:06:42]} 19.
Re1 {[%clk 00:52:51]} {[%emt 00:03:10]} Qf6 {[%clk 00:39:31]} {[%emt 00:04:29]}
20. Kg2 {[%clk 00:52:35]} {[%emt 00:00:46]} Ne8 {[%clk 00:39:26]} {[%emt
00:00:36]} 21. Ne4 {[%clk 00:45:04]} {[%emt 00:08:00]} Qg7 {[%clk 00:39:50]}
{[%emt 00:00:06]} 22. a3 {[%clk 00:42:52]} {[%emt 00:02:42]} Ra6 {[%clk
00:30:50]} {[%emt 00:09:30]} 23. Ng3 {[%clk 00:41:19]} {[%emt 00:02:02]} e6
{[%clk 00:31:19]} {[%emt 00:00:02]} 24. g5 {[%clk 00:32:03]} {[%emt 00:09:46]}
Rd6 {[%clk 00:27:06]} {[%emt 00:04:43]} 25. Qf4 {[%clk 00:19:35]} {[%emt
00:12:58]} hxg5 {[%clk 00:26:35]} {[%emt 00:01:02]} 26. Nxg5 {[%clk 00:18:01]}
{[%emt 00:02:04]} Rxd5 {[%clk 00:26:09]} {[%emt 00:00:56]} 27. Qxb8 {[%clk
00:15:21]} {[%emt 00:03:09]} Qxg5 {[%clk 00:25:41]} {[%emt 00:00:58]} 28. Rd1
{[%clk 00:14:56]} {[%emt 00:00:54]} Rg8 {[%clk 00:25:16]} {[%emt 00:00:56]} 29.
Qb7 {[%clk 00:14:50]} {[%emt 00:00:36]} Nd6 {[%clk 00:20:56]} {[%emt 00:04:51]}
30. Qxd7 {[%clk 00:11:48]} {[%emt 00:03:32]} Ne4 {[%clk 00:21:19]} {[%emt
00:00:07]} 31. Rxd5 {[%clk 00:11:50]} {[%emt 00:00:28]} exd5 {[%clk 00:21:48]}
{[%emt 00:00:01]} 32. Qc7 {[%clk 00:06:45]} {[%emt 00:05:34]} Qd2 {[%clk
00:21:19]} {[%emt 00:00:59]} 33. Kh3 {[%clk 00:05:33]} {[%emt 00:01:42]} Nxf2+
{[%clk 00:21:30]} {[%emt 00:00:19]} 34. Kg2 {[%clk 00:05:13]} {[%emt 00:00:49]}
Ne4+ {[%clk 00:21:55]} {[%emt 00:00:06]} 0-1

[Event "S16 a S20"]
[Site "Cambrils"]
[Date "2023.04.04"]
[Round "6.7"]
[White "Ano Pla, Gerard"]
[Black "Sanchez Aguilar, Arnau"]
[Result "1-0"]
[TimeControl "90'+30\""]
[WhiteFideId "24560561"]
[WhiteElo "2189"]
[BlackElo "2072"]

1. d4 {[%clk 01:30:57]} {[%emt 00:00:03]} d5 {[%clk 01:30:16]} {[%emt
00:00:45]} 2. c4 {[%clk 01:31:21]} {[%emt 00:00:05]} e6 {[%clk 01:30:16]}
{[%emt 00:00:29]} 3. Nc3 {[%clk 01:30:13]} {[%emt 00:01:39]} Nf6 {[%clk
01:29:57]} {[%emt 00:00:48]} 4. Nf3 {[%clk 01:29:18]} {[%emt 00:01:25]} Bb4
{[%clk 01:26:31]} {[%emt 00:03:57]} 5. Qa4+ {[%clk 01:29:44]} {[%emt 00:00:04]}
Nc6 {[%clk 01:26:55]} {[%emt 00:00:05]} 6. e3 {[%clk 01:30:12]} {[%emt
00:00:02]} O-O {[%clk 01:24:57]} {[%emt 00:02:26]} 7. Bd2 {[%clk 01:29:56]}
{[%emt 00:00:48]} Bd7 {[%clk 01:20:54]} {[%emt 00:04:33]} 8. Qc2 {[%clk
01:29:04]} {[%emt 00:01:22]} Qe7 {[%clk 01:17:32]} {[%emt 00:03:52]} 9. a3
{[%clk 01:22:20]} {[%emt 00:07:14]} Bxc3 {[%clk 01:17:51]} {[%emt 00:00:11]} 10.
Bxc3 {[%clk 01:21:13]} {[%emt 00:01:38]} Ne4 {[%clk 01:12:55]} {[%emt
00:05:26]} 11. Bd3 {[%clk 01:20:17]} {[%emt 00:01:26]} Nxc3 {[%clk 01:13:03]}
{[%emt 00:00:21]} 12. Qxc3 {[%clk 01:18:59]} {[%emt 00:01:49]} a5 {[%clk
01:07:25]} {[%emt 00:06:07]} 13. O-O {[%clk 01:11:33]} {[%emt 00:07:56]} a4
{[%clk 01:00:59]} {[%emt 00:06:57]} 14. Rfe1 {[%clk 01:08:22]} {[%emt
00:03:40]} dxc4 {[%clk 00:52:50]} {[%emt 00:08:40]} 15. Qxc4 {[%clk 01:00:19]}
{[%emt 00:08:33]} Be8 {[%clk 00:43:39]} {[%emt 00:09:41]} 16. Rac1 {[%clk
00:59:32]} {[%emt 00:01:18]} f6 {[%clk 00:36:27]} {[%emt 00:07:42]} 17. e4
{[%clk 00:51:42]} {[%emt 00:08:20]} Bf7 {[%clk 00:33:34]} {[%emt 00:03:23]} 18.
Qc2 {[%clk 00:50:33]} {[%emt 00:01:39]} h6 {[%clk 00:31:30]} {[%emt 00:02:34]}
19. Bb5 {[%clk 00:49:44]} {[%emt 00:01:19]} Be8 {[%clk 00:29:49]} {[%emt
00:02:11]} 20. d5 {[%clk 00:42:00]} {[%emt 00:08:14]} Nb4 {[%clk 00:29:13]}
{[%emt 00:01:05]} 21. Qxc7 {[%clk 00:38:12]} {[%emt 00:04:17]} Qxc7 {[%clk
00:25:47]} {[%emt 00:03:56]} 22. Rxc7 {[%clk 00:37:51]} {[%emt 00:00:51]} Bxb5
{[%clk 00:26:16]} {[%emt 00:00:02]} 23. axb4 {[%clk 00:37:26]} {[%emt
00:00:55]} Rf7 {[%clk 00:26:45]} 24. Rc5 {[%clk 00:31:10]} {[%emt 00:06:46]}
Bd7 {[%clk 00:26:20]} {[%emt 00:00:55]} 25. Re3 {[%clk 00:29:17]} {[%emt
00:02:24]} Ra6 {[%clk 00:23:37]} {[%emt 00:03:13]} 26. h3 {[%clk 00:27:50]}
{[%emt 00:01:57]} e5 {[%clk 00:20:58]} {[%emt 00:03:09]} 27. Rec3 {[%clk
00:26:51]} {[%emt 00:01:29]} Rb6 {[%clk 00:20:26]} {[%emt 00:01:02]} 28. R5c4
{[%clk 00:24:32]} {[%emt 00:02:49]} Bb5 {[%clk 00:20:31]} {[%emt 00:00:25]} 29.
Rc8+ {[%clk 00:25:07]} {[%emt 00:00:25]} Rf8 {[%clk 00:20:21]} {[%emt
00:01:10]} 30. R8c7 {[%clk 00:21:43]} {[%emt 00:03:53]} Be8 {[%clk 00:19:53]}
{[%emt 00:00:58]} 31. R3c4 {[%clk 00:20:41]} {[%emt 00:01:33]} Bb5 {[%clk
00:20:07]} {[%emt 00:00:15]} 32. Rc3 {[%clk 00:18:54]} {[%emt 00:02:17]} Be8
{[%clk 00:20:29]} {[%emt 00:00:07]} 33. Nh4 {[%clk 00:11:46]} {[%emt 00:07:38]}
Rxb4 {[%clk 00:17:14]} {[%emt 00:03:45]} 34. Nf5 {[%clk 00:11:47]} {[%emt
00:00:28]} Rf7 {[%clk 00:14:30]} {[%emt 00:03:15]} 35. Rc8 {[%clk 00:11:47]}
{[%emt 00:00:30]} Kf8 {[%clk 00:11:54]} {[%emt 00:03:05]} 36. Ra8 {[%clk
00:11:37]} {[%emt 00:00:40]} a3 {[%clk 00:10:49]} {[%emt 00:01:35]} 37. Rcc8
{[%clk 00:11:38]} {[%emt 00:00:29]} Re7 {[%clk 00:11:16]} {[%emt 00:00:03]} 38.
bxa3 {[%emt 00:00:17]} Rb1+ {[%clk 00:11:37]} {[%emt 00:00:08]} 39. Kh2 {[%clk
00:12:21]} Rb6 {[%clk 00:12:05]} {[%emt 00:00:02]} 40. Nxe7 {[%emt 00:00:27]}
1-0

[Event "S16 a S20"]
[Site "Cambrils"]
[Date "2023.04.04"]
[Round "6.8"]
[White "Domene Mulyukov, Alexander"]
[Black "Boix Redorta, Roc"]
[Result "1-0"]
[TimeControl "90'+30\""]
[WhiteTitle "FM"]
[WhiteFideId "24589802"]
[WhiteElo "2236"]
[BlackElo "1875"]

1. e4 {[%clk 01:26:57]} {[%emt 00:04:02]} c5 {[%clk 01:30:50]} {[%emt
00:00:11]} 2. Nf3 {[%clk 01:27:15]} {[%emt 00:00:12]} Nc6 {[%clk 01:31:06]}
{[%emt 00:00:14]} 3. Bb5 {[%clk 01:27:18]} {[%emt 00:00:27]} e6 {[%clk
01:30:52]} {[%emt 00:00:44]} 4. O-O {[%clk 01:26:15]} {[%emt 00:01:32]} Nge7
{[%clk 01:29:53]} {[%emt 00:01:30]} 5. b4 {[%clk 00:51:05]} {[%emt 00:35:41]}
cxb4 {[%clk 01:18:22]} {[%emt 00:12:01]} 6. a3 {[%clk 00:46:15]} {[%emt
00:05:20]} Qa5 {[%clk 01:13:38]} {[%emt 00:05:13]} 7. Bd3 {[%clk 00:39:49]}
{[%emt 00:06:55]} Ng6 {[%clk 01:07:54]} {[%emt 00:06:14]} 8. Bb2 {[%clk
00:38:58]} {[%emt 00:01:22]} Nf4 {[%clk 01:05:27]} {[%emt 00:02:57]} 9. Bc4
{[%clk 00:32:29]} {[%emt 00:06:59]} b5 {[%clk 00:58:16]} {[%emt 00:07:41]} 10.
Bb3 {[%clk 00:30:18]} {[%emt 00:02:41]} bxa3 {[%clk 00:53:05]} {[%emt
00:05:41]} 11. Nxa3 {[%clk 00:23:40]} {[%emt 00:07:08]} Qb6 {[%clk 00:53:31]}
{[%emt 00:00:04]} 12. g3 {[%clk 00:22:20]} {[%emt 00:01:49]} Ng6 {[%clk
00:53:17]} {[%emt 00:00:44]} 13. h4 {[%clk 00:11:00]} {[%emt 00:11:50]} Bb7
{[%clk 00:51:55]} {[%emt 00:01:53]} 14. d4 {[%clk 00:08:50]} {[%emt 00:02:40]}
Na5 {[%clk 00:49:20]} {[%emt 00:03:05]} 15. d5 {[%clk 00:07:04]} {[%emt
00:02:16]} Nxb3 {[%clk 00:49:47]} {[%emt 00:00:04]} 16. cxb3 {[%clk 00:07:19]}
{[%emt 00:00:14]} Bc5 {[%clk 00:46:45]} {[%emt 00:03:32]} 17. h5 {[%clk
00:02:01]} {[%emt 00:05:48]} Ne7 {[%clk 00:47:07]} {[%emt 00:00:08]} 18. b4
{[%clk 00:00:46]} {[%emt 00:01:45]} Bxb4 {[%clk 00:46:50]} {[%emt 00:00:47]} 19.
Bxg7 {[%clk 00:01:06]} {[%emt 00:00:09]} Rg8 {[%clk 00:46:59]} {[%emt
00:00:22]} 20. Bd4 {[%clk 00:00:43]} {[%emt 00:00:53]} Bc5 {[%clk 00:46:54]}
{[%emt 00:00:35]} 21. Nxb5 {[%clk 00:00:34]} {[%emt 00:00:38]} Bxd4 {[%clk
00:45:05]} {[%emt 00:02:19]} 22. Nbxd4 {[%clk 00:00:38]} {[%emt 00:00:26]} exd5
{[%clk 00:39:11]} {[%emt 00:06:25]} 23. Rb1 {[%clk 00:01:02]} {[%emt 00:00:07]}
Qc7 {[%clk 00:38:21]} {[%emt 00:01:19]} 24. Nb5 {[%clk 00:00:50]} {[%emt
00:00:41]} Qf4 {[%clk 00:31:08]} {[%emt 00:07:43]} 25. Kh2 {[%clk 00:01:07]}
{[%emt 00:00:13]} Qh6 {[%clk 00:31:17]} {[%emt 00:00:21]} 26. Nc7+ {[%clk
00:00:59]} {[%emt 00:00:38]} Kf8 {[%clk 00:31:44]} {[%emt 00:00:03]} 27. Nxa8
{[%clk 00:00:36]} {[%emt 00:00:53]} Bxa8 {[%clk 00:31:42]} {[%emt 00:00:32]} 28.
Rb8+ {[%clk 00:00:37]} {[%emt 00:00:29]} Kg7 {[%clk 00:32:11]} 29. Rxg8+ {[%clk
00:00:38]} {[%emt 00:00:30]} Kxg8 {[%clk 00:32:23]} {[%emt 00:00:18]} 30. Nh4
{[%clk 00:00:45]} {[%emt 00:00:23]} Qa6 {[%clk 00:32:24]} {[%emt 00:00:30]} 31.
Qg4+ {[%clk 00:01:00]} {[%emt 00:00:15]} Kf8 {[%clk 00:32:53]} {[%emt
00:00:01]} 32. Rb1 {[%clk 00:01:08]} {[%emt 00:00:21]} Qd6 {[%clk 00:32:48]}
{[%emt 00:00:36]} 33. Nf5 {[%clk 00:00:41]} {[%emt 00:00:58]} Nxf5 {[%clk
00:32:59]} {[%emt 00:00:19]} 34. exf5 {[%clk 00:00:54]} {[%emt 00:00:17]} d4
{[%clk 00:33:11]} {[%emt 00:00:18]} 35. Qg5 {[%clk 00:00:47]} {[%emt 00:00:36]}
f6 {[%clk 00:33:06]} {[%emt 00:00:36]} 36. Qh6+ {[%clk 00:00:56]} {[%emt
00:00:21]} Kg8 {[%clk 00:33:31]} {[%emt 00:00:05]} 37. Re1 {[%clk 00:01:02]}
{[%emt 00:00:24]} Qc5 {[%clk 00:31:39]} {[%emt 00:02:23]} 38. Qxf6 {[%clk
00:00:38]} {[%emt 00:00:53]} Qc8 {[%clk 00:31:23]} {[%emt 00:00:46]} 39. h6
{[%clk 00:00:41]} {[%emt 00:00:27]} 1-0

[Event "S16 a S20"]
[Site "Cambrils"]
[Date "2023.04.04"]
[Round "6.9"]
[White "Pinyol I Llora, Julia"]
[Black "Porta Isant, Lluis"]
[Result "0-1"]
[TimeControl "90'+30\""]
[WhiteElo "1924"]
[BlackElo "1995"]

1. d4 {[%clk 01:29:00]} {[%emt 00:01:59]} Nf6 {[%clk 01:30:54]} {[%emt
00:00:06]} 2. c4 {[%clk 01:29:15]} {[%emt 00:00:15]} g6 {[%clk 01:31:17]}
{[%emt 00:00:07]} 3. Nf3 {[%clk 01:29:30]} {[%emt 00:00:15]} Bg7 {[%clk
01:31:38]} {[%emt 00:00:10]} 4. g3 {[%clk 01:29:52]} {[%emt 00:00:07]} O-O
{[%clk 01:31:58]} {[%emt 00:00:10]} 5. Bg2 {[%clk 01:30:11]} {[%emt 00:00:12]}
d6 {[%clk 01:32:18]} {[%emt 00:00:10]} 6. O-O {[%clk 01:30:30]} {[%emt
00:00:10]} c6 {[%clk 01:32:43]} {[%emt 00:00:06]} 7. Nc3 {[%clk 01:30:47]}
{[%emt 00:00:13]} Qa5 {[%clk 01:32:56]} {[%emt 00:00:17]} 8. e4 {[%clk
01:29:33]} {[%emt 00:01:44]} Be6 {[%clk 01:33:07]} {[%emt 00:00:19]} 9. d5
{[%clk 01:25:53]} {[%emt 00:04:10]} Bg4 {[%clk 01:32:57]} {[%emt 00:00:39]} 10.
h3 {[%clk 01:24:11]} {[%emt 00:02:11]} Bxf3 {[%clk 01:33:21]} {[%emt 00:00:07]}
11. Qxf3 {[%clk 01:22:06]} {[%emt 00:02:35]} Qa6 {[%clk 01:31:30]} {[%emt
00:02:21]} 12. Qe2 {[%clk 01:14:54]} {[%emt 00:07:41]} Rc8 {[%clk 01:29:37]}
{[%emt 00:02:23]} 13. Re1 {[%clk 01:09:07]} {[%emt 00:06:17]} cxd5 {[%clk
01:24:28]} {[%emt 00:05:40]} 14. cxd5 {[%clk 01:04:35]} {[%emt 00:05:02]} Qxe2
{[%clk 01:24:39]} {[%emt 00:00:19]} 15. Rxe2 {[%clk 01:04:15]} {[%emt
00:00:49]} Nfd7 {[%clk 01:20:49]} {[%emt 00:04:19]} 16. Bg5 {[%clk 00:58:58]}
{[%emt 00:05:49]} Kf8 {[%clk 01:19:51]} {[%emt 00:01:26]} 17. Rc1 {[%clk
00:56:27]} {[%emt 00:03:02]} Ne5 {[%clk 01:16:57]} {[%emt 00:03:24]} 18. Rec2
{[%clk 00:49:47]} {[%emt 00:07:10]} Na6 {[%clk 01:06:31]} {[%emt 00:10:55]} 19.
Nb5 {[%clk 00:44:08]} {[%emt 00:06:10]} Rxc2 {[%clk 01:05:58]} {[%emt
00:01:03]} 20. Rxc2 {[%clk 00:44:36]} {[%emt 00:00:02]} h6 {[%clk 01:05:42]}
{[%emt 00:00:45]} 21. Be3 {[%clk 00:41:44]} {[%emt 00:03:22]} Nb4 {[%clk
01:00:51]} {[%emt 00:05:21]} 22. Rc7 {[%clk 00:39:42]} {[%emt 00:02:31]} a6
{[%clk 01:00:38]} {[%emt 00:00:43]} 23. Nd4 {[%clk 00:38:48]} {[%emt 00:01:24]}
Nxa2 {[%clk 00:50:28]} {[%emt 00:10:40]} 24. Rxb7 {[%clk 00:34:29]} {[%emt
00:04:49]} Nc4 {[%clk 00:42:11]} {[%emt 00:08:47]} 25. Bf1 {[%clk 00:33:02]}
{[%emt 00:01:56]} Nxe3 {[%clk 00:39:15]} {[%emt 00:03:26]} 26. fxe3 {[%clk
00:33:28]} {[%emt 00:00:04]} Bxd4 {[%clk 00:38:19]} {[%emt 00:01:26]} 27. exd4
{[%clk 00:33:55]} {[%emt 00:00:04]} a5 {[%clk 00:38:21]} {[%emt 00:00:28]} 28.
Bb5 {[%emt 00:04:01]} Nb4 {[%clk 00:34:50]} {[%emt 00:02:31]} 29. Bd7 {[%clk
00:27:30]} {[%emt 00:04:53]} Nc2 {[%clk 00:30:40]} {[%emt 00:04:41]} 30. Bc6
{[%clk 00:24:21]} {[%emt 00:03:39]} Nxd4 {[%clk 00:27:53]} {[%emt 00:03:16]} 31.
Kf2 {[%clk 00:23:53]} {[%emt 00:00:59]} Nxc6 {[%clk 00:26:40]} {[%emt
00:01:44]} 32. dxc6 {[%clk 00:24:17]} {[%emt 00:00:05]} Rc8 {[%clk 00:26:29]}
{[%emt 00:00:41]} 33. Rb6 {[%clk 00:24:08]} {[%emt 00:00:39]} Ke8 {[%clk
00:26:10]} {[%emt 00:00:48]} 34. Ke3 {[%clk 00:23:05]} {[%emt 00:01:34]} Kd8
{[%clk 00:24:47]} {[%emt 00:01:53]} 35. Kd4 {[%clk 00:21:15]} {[%emt 00:02:20]}
Kc7 {[%clk 00:23:47]} {[%emt 00:01:30]} 36. Rb7+ {[%clk 00:19:56]} {[%emt
00:01:49]} Kxc6 {[%clk 00:23:58]} {[%emt 00:00:19]} 37. Rxe7 {[%clk 00:20:23]}
{[%emt 00:00:04]} Rc7 {[%clk 00:23:39]} {[%emt 00:00:49]} 38. Re8 {[%clk
00:17:00]} {[%emt 00:03:52]} Rb7 {[%clk 00:23:13]} {[%emt 00:00:56]} 39. Rc8+
{[%clk 00:15:09]} {[%emt 00:02:21]} Kd7 {[%clk 00:23:21]} {[%emt 00:00:22]} 40.
Rc2 {[%clk 00:15:27]} {[%emt 00:00:12]} Rb3 {[%clk 00:22:54]} {[%emt 00:00:57]}
41. Rg2 {[%clk 00:15:38]} {[%emt 00:00:19]} Ke6 {[%clk 00:23:05]} {[%emt
00:00:19]} 42. Kc4 {[%clk 00:14:58]} {[%emt 00:01:10]} Rb4+ {[%clk 00:23:16]}
{[%emt 00:00:20]} 43. Kd3 {[%clk 00:15:07]} {[%emt 00:00:21]} Ke5 {[%clk
00:23:33]} {[%emt 00:00:13]} 44. Rf2 {[%clk 00:15:07]} {[%emt 00:00:31]} f6
{[%clk 00:22:58]} {[%emt 00:01:05]} 45. g4 {[%clk 00:13:59]} {[%emt 00:01:37]}
Rb3+ {[%clk 00:21:44]} {[%emt 00:01:44]} 46. Kc4 {[%clk 00:13:52]} {[%emt
00:00:37]} Rb4+ {[%clk 00:19:57]} {[%emt 00:02:16]} 47. Kd3 {[%clk 00:14:07]}
{[%emt 00:00:15]} Rd4+ {[%clk 00:20:08]} {[%emt 00:00:20]} 48. Kc3 {[%clk
00:14:02]} {[%emt 00:00:35]} Rxe4 {[%clk 00:20:22]} {[%emt 00:00:15]} 49. Rf3
{[%clk 00:14:01]} {[%emt 00:00:31]} d5 {[%clk 00:20:11]} {[%emt 00:00:41]} 50.
Rd3 {[%clk 00:14:03]} {[%emt 00:00:27]} f5 {[%clk 00:19:19]} {[%emt 00:01:23]}
51. gxf5 {[%clk 00:14:20]} {[%emt 00:00:13]} gxf5 {[%clk 00:19:38]} {[%emt
00:00:11]} 52. Rg3 {[%clk 00:14:31]} {[%emt 00:00:19]} f4 {[%clk 00:19:02]}
{[%emt 00:01:05]} 53. Rg8 {[%clk 00:14:33]} {[%emt 00:00:29]} Re3+ {[%clk
00:19:23]} {[%emt 00:00:10]} 54. Kd2 {[%clk 00:14:52]} {[%emt 00:00:10]} Rxh3
{[%clk 00:19:37]} {[%emt 00:00:16]} 55. Ra8 {[%clk 00:15:05]} {[%emt 00:00:17]}
Rh2+ {[%clk 00:19:13]} {[%emt 00:00:54]} 56. Kc3 {[%clk 00:14:54]} {[%emt
00:00:41]} Rh3+ {[%clk 00:18:12]} {[%emt 00:01:31]} 57. Kd2 {[%clk 00:12:47]}
{[%emt 00:02:37]} Kd4 {[%clk 00:18:21]} {[%emt 00:00:21]} 58. Rxa5 {[%clk
00:12:58]} {[%emt 00:00:19]} Rh2+ {[%clk 00:18:38]} {[%emt 00:00:13]} 59. Ke1
{[%clk 00:12:47]} {[%emt 00:00:41]} Rxb2 {[%clk 00:18:35]} {[%emt 00:00:33]} 60.
Ra4+ {[%clk 00:13:02]} {[%emt 00:00:15]} Ke3 {[%clk 00:18:52]} {[%emt
00:00:13]} 61. Ra3+ {[%clk 00:13:28]} {[%emt 00:00:04]} Ke4 {[%clk 00:18:33]}
{[%emt 00:00:48]} 62. Rh3 {[%clk 00:13:12]} {[%emt 00:00:46]} Rb6 {[%clk
00:18:13]} {[%emt 00:00:50]} 63. Ra3 {[%clk 00:12:40]} {[%emt 00:01:02]} d4
{[%clk 00:18:22]} {[%emt 00:00:19]} 64. Ra8 {[%clk 00:12:50]} {[%emt 00:00:21]}
Kf3 {[%clk 00:16:34]} {[%emt 00:02:19]} 65. Rd8 {[%clk 00:12:43]} {[%emt
00:00:37]} Re6+ {[%clk 00:16:04]} {[%emt 00:00:59]} 66. Kd2 {[%clk 00:12:44]}
{[%emt 00:00:27]} Ke4 {[%clk 00:16:12]} {[%emt 00:00:23]} 67. Rg8 {[%clk
00:12:53]} {[%emt 00:00:22]} h5 {[%clk 00:15:42]} {[%emt 00:01:00]} 68. Rg1
{[%clk 00:12:43]} {[%emt 00:00:40]} Kf3 {[%clk 00:15:39]} {[%emt 00:00:34]} 69.
Kd3 {[%clk 00:12:12]} {[%emt 00:01:01]} Kf2 {[%clk 00:15:38]} {[%emt 00:00:30]}
70. Rh1 {[%clk 00:12:19]} {[%emt 00:00:20]} f3 {[%clk 00:12:59]} {[%emt
00:03:12]} 71. Rxh5 {[%clk 00:12:08]} {[%emt 00:00:40]} Kf1 {[%clk 00:13:08]}
{[%emt 00:00:22]} 72. Rg5 {[%clk 00:11:45]} {[%emt 00:00:53]} f2 {[%clk
00:13:15]} {[%emt 00:00:22]} 73. Kd2 {[%clk 00:11:32]} {[%emt 00:00:44]} Rh6
{[%clk 00:10:42]} {[%emt 00:03:02]} 74. Ra5 {[%clk 00:09:39]} {[%emt 00:02:24]}
Rh4 {[%clk 00:10:22]} {[%emt 00:00:50]} 75. Rg5 {[%clk 00:09:12]} {[%emt
00:00:57]} Rh2 {[%clk 00:09:19]} {[%emt 00:01:32]} 76. Ra5 {[%clk 00:08:38]}
{[%emt 00:01:05]} Kg1 {[%clk 00:09:30]} {[%emt 00:00:19]} 77. Ra1+ {[%clk
00:08:41]} {[%emt 00:00:27]} f1=Q# {[%clk 00:09:38]} {[%emt 00:00:21]} 0-1